000 00585nam a2200181Ia 4500
008 151018s9999 xx 000 0 und d
082 _bRBASDV49042
_a891.463
100 _aशशिकांत भंडारे
245 _aहशा आणि टाळ्या
250 _b1
260 _bमेघना
_c2008
300 _a142
600 _aशशिकांत भंडारे
630 _aहशा आणि टाळ्या
700 _aशशिकांत भंडारे
730 _aहशा आणि टाळ्या
942 _cBOOK
999 _c1048165
_d1048162